LEADER 01208nam 2200385 450 001 9910493182603321 010 $a1-57181-492-2 010 $a1-57181-272-5 035 $a(CKB)3860000000010337 035 $a(MiAaPQ)EBC4987381 035 $a(EXLCZ)993860000000010337 100 $a20170914d2004 uy| 0 101 0 $aeng 135 $aurcnu|||||||| 181 $2rdacontent 182 $2rdamedia 183 $2rdacarrier 200 14$aThe ambivalent alliance $eKonrad Adenauer, the CDU/CSU, and the West, 1949-1966 /$fRonald J. Granieri 205 $aFirst paperback edition. 210 1$aNew York :$cBerghahn Books,$d2004. 215 $a1 online resource (273 pages) $cillustrations 311 $a1-78238-969-5 320 $aIncludes bibliographical references and index. 607 $aGermany (West)$xForeign relations$zUnited States 607 $aUnited States$xForeign relations$zGermany (West) 608 $aElectronic books. 676 $a943.087092 700 $aGranieri$b Ronald J.$01046635 801 0$bMiAaPQ 801 1$bMiAaPQ 801 2$bMiAaPQ 906 $aBOOK 912 $a9910493182603321 996 $aThe ambivalent alliance$92473674 997 $aUNINA LEADER 01430nas 2200493 c 450 001 9910894522503321 005 20260218110155.0 024 7 $aurn:nbn:de:hebis:43:epflicht-8778 035 $a(CKB)3790000000115923 035 $a(OCoLC)85426166 035 $a(OCoLC)643676862 035 $a(DE-101)992957125 035 $a(DE-599)ZDB2482673-X 035 $a(DE-599)2482673-X 035 $a(EXLCZ)993790000000115923 100 $a20090303a20069999 |y | 101 0 $ager 135 $aur||||||||||| 181 $ctxt$2rdacontent 182 $cc$2rdamedia 183 $acr$2rdacarrier 200 10$aStatistische Berichte / Hessisches Statistisches Landesamt$hG$hIV$h3$iEntwicklung von Umsatz und Bescha?ftigten im Gastgewerbe in Hessen : vorla?ufige Ergebnisse 210 31$aWiesbaden$cHessisches Statistisches Landesamt$d2006- 215 $aOnline-Ressource 225 0 $aStatistik Hessen 300 $aGesehen am 23.06.15 311 08$a1430-0818 517 $aStatistische Berichte / G / 4 / 3 608 $aZeitschrift$2gnd-content 608 $aStatistik$2gnd-content 610 $aStatistik 610 $aHessen 610 $aGastgewerbe 676 $a330 676 $a380 676 $a650 676 $a670 801 0$b0030 801 1$bDE-101 801 2$b9001 906 $aJOURNAL 912 $a9910894522503321 996 $aStatistische Berichte$91920339 997 $aUNINA